[Event "FIDE GP Beijing"]
[Site "Beijing CHN"]
[Date "2013.07.09"]
[Round "5.3"]
[White "Kamsky,G"]
[Black "Giri,A"]
[Result "0-1"]
[WhiteElo "2763"]
[BlackElo "2734"]

1.e4 c5 2.Nf3 d6 3.Bb5+ Bd7 4.Bxd7+ Qxd7 5.c4 Nf6 6.Nc3 g6 7.d4 cxd4 8.Nxd4 Bg7
9.f3 O-O 10.Be3 Rc8 11.b3 a6 12.Rc1 Nc6 13.a4 e6 14.O-O d5 15.Nxc6 bxc6 16.a5 Qe7
17.Na4 dxe4 18.Nb6 Rd8 19.Qe2 Rab8 20.Kh1 exf3 21.Rxf3 Ng4 22.Bg1 Ne5 23.Rff1 c5
24.b4 cxb4 25.c5 Qb7 26.Rfd1 Nc6 27.Qf3 Qc7 28.h3 Be5 29.Qb3 Rxd1 30.Rxd1 Rd8
31.Rf1 Nd4 32.Qxb4 Nf5 33.Rb1 Ng3+ 34.Kh2 Bd4 35.Bxd4 Rxd4 36.Qe1 Ne4+ 37.Kh1 Qxc5
38.Rc1 Qg5 39.Kg1 Kg7 40.Nc4 h5 41.Ne3 Rd3 42.Nf1 Nd2 43.Kh1 Rxh3+  0-1

[Event "23rd Heart of FIN"]
[Site "Jyvaskyla FIN"]
[Date "2013.07.09"]
[Round "3.1"]
[White "Kulaots,K"]
[Black "Lobanov,Sergei"]
[Result "1-0"]
[WhiteElo "2581"]
[BlackElo "2198"]

1.e4 c5 2.Nf3 d6 3.Bb5+ Bd7 4.Bxd7+ Qxd7 5.c4 Nf6 6.Nc3 Nc6 7.d4 cxd4 8.Nxd4 g6
9.O-O Bg7 10.Nde2 O-O 11.f3 Rac8 12.Bg5 a6 13.Kh1 Ne5 14.b3 b5 15.cxb5 axb5
16.Bxf6 Bxf6 17.Nd5 Rc5 18.Nxf6+ exf6 19.Nf4 Rfc8 20.Nd5 Qe6 21.Qd4 f5 22.Rad1 fxe4
23.Qxe4 Re8 24.Rfe1 Nd7 25.Qb1 Ne5 26.Ne3 Qd7 27.b4 Rc6 28.Nd5 Kg7 29.f4 Nc4
30.Qa1+ Kh6 31.Rxe8 Qxe8 32.Rd3  1-0

[Event "Universiade Men"]
[Site "Kazan RUS"]
[Date "2013.07.09"]
[Round "1.9"]
[White "Kantans,T"]
[Black "Andriasian,Z"]
[Result "0-1"]
[WhiteElo "2343"]
[BlackElo "2620"]

1.e4 c5 2.Nf3 d6 3.Bb5+ Nc6 4.O-O Bd7 5.Re1 Nf6 6.c3 a6 7.Bf1 Bg4 8.h3 Bxf3
9.Qxf3 g6 10.a4 Bg7 11.Na3 O-O 12.d3 b5 13.axb5 axb5 14.Bf4 b4 15.Nc4 Nd7
16.Bd2 Nde5 17.Nxe5 Bxe5 18.Qe3 Qb6 19.f4 Bg7 20.Qf2 Na5 21.e5 Nb3 22.Rxa8 Rxa8
23.Be3 Ra2 24.Qc2 Na1 25.Qb1 b3 26.Qxa1 Rxa1 27.Rxa1 Qb7 28.Be2 h5 29.exd6 exd6
30.Kf2 Bf6 31.Bf3 Qb5 32.Ke2 c4 33.dxc4 Qxc4+ 34.Kf2 Qd3 35.Re1 Bxc3 36.Re2 Bd4
37.g3 Bxe3+ 38.Rxe3 Qd4  0-1

[Event "6th d'Ille et Vilaine 2013"]
[Site "Rennes FRA"]
[Date "2013.07.09"]
[Round "5.1"]
[White "Mladenov,P"]
[Black "Jianu,V"]
[Result "1/2-1/2"]
[WhiteElo "2405"]
[BlackElo "2560"]

1.e4 c5 2.Nf3 d6 3.Bb5+ Nd7 4.d4 cxd4 5.Qxd4 a6 6.Bxd7+ Bxd7 7.c4 Nf6 8.Nc3 h6
9.O-O e5 10.Qd3 Be7 11.Ne1 Rc8 12.Nc2 Qc7 13.Ne3 Be6 14.b3 b5 15.Ncd5 Nxd5
16.cxd5 Bd7 17.Bd2 O-O 18.Rfc1 Qb7 19.Nf5 Bxf5 20.exf5 Rxc1+ 21.Rxc1 Rc8
22.Kf1 Bg5 23.Rxc8+ Qxc8 24.Bb4 Qc1+ 25.Ke2 Qf4 26.a3 e4 27.Qg3 Qc1 28.Qc3 Qb1
29.Bxd6 Qa2+ 30.Kf1 Qb1+ 31.Ke2 Qa2+ 32.Kf1 Bf6 33.Qe3 Qc2 34.Bb4 Qd1+ 35.Be1 Qxd5
36.f3 exf3 37.Qxf3 Qd6 38.a4 bxa4 39.bxa4 Qxh2 40.a5 Kh7 41.Qd5 Qc7 42.Bd2 Qc2
43.Be1 Qa4 44.Ke2 Qe8+ 45.Kf1 Qc8 46.Ke2 Kg8 47.Kd3 Kh7 48.Ke2 Qc7 49.Kf1 Qc2
50.Bf2 Bc3 51.g3 Bf6 52.Kg1 Qc7 53.Kg2 g6 54.fxg6+ fxg6 55.Bd4 Bxd4 56.Qxd4 h5
57.Qb6 Qc2+ 58.Kf3 Qd3+ 59.Kf2 Kg7 60.Kg2 Kf7 61.Kh2 Ke7 62.Kh3 Kd7 63.Qb7+ Ke6
64.Qb6+ Ke5 65.Qc5+ Ke4 66.Qb4+ Kf3 67.Qf4+ Ke2 68.Qe5+ Kf1 69.Qa1+ Kf2 70.Qb2+ Kf3
71.Qg2+ Ke3 72.Qg1+ Kd2 73.Qf2+ Kc3 74.Qb6 Qf1+ 75.Kh2 Qe2+ 76.Kh3 Qg4+ 77.Kh2 h4
78.Qxa6 Qxg3+ 79.Kh1 Qf3+ 80.Kh2 Qg3+ 81.Kh1 Qf3+ 82.Kh2 g5 83.Qc8+ Kb4 84.Qb8+ Kc5
85.Qb6+ Kc4 86.Qc7+ Kd4 87.Qg7+ Kc4 88.Qxg5 Qg3+ 89.Qxg3 hxg3+ 90.Kxg3 Kb5
91.a6 Kxa6  1/2-1/2

[Event "V4 Int Open ch-SVK 2013"]
[Site "Banska Stiavnica SVK"]
[Date "2013.07.10"]
[Round "5.58"]
[White "Simo,Marian"]
[Black "Giertli,V"]
[Result "0-1"]
[WhiteElo "1844"]
[BlackElo "2093"]

1.e4 c5 2.Nf3 d6 3.Bb5+ Nc6 4.O-O Bd7 5.Re1 e6 6.c3 a6 7.Ba4 Be7 8.d4 b5
9.Bc2 Qc7 10.d5 Ne5 11.Nxe5 dxe5 12.Qg4 g6 13.Qg3 Nf6 14.Bh6 c4 15.Bg7 Rg8
16.Bxf6 Bxf6 17.Qf3 Bg5 18.Na3 h5 19.Rad1 Rd8 20.Qg3 Be7 21.Re2 g5 22.Red2 Bc8
23.Bb1 g4 24.h4 Bf8 25.dxe6 Rxd2 26.exf7+ Kxf7 27.Rxd2 Bh6 28.f4 Bxf4 29.Qf2 g3
30.Qf1 Qc5+ 31.Kh1 Qe7  0-1

[Event "IsBank TCh-TUR 2013"]
[Site "Denizli TUR"]
[Date "2013.07.10"]
[Round "13.10"]
[White "Okuyaz,Duru"]
[Black "Ozaltun,Ecem"]
[Result "1/2-1/2"]
[WhiteElo "1612"]
[BlackElo "1512"]

1.e4 c5 2.Nf3 d6 3.Bb5+ Bd7 4.Bxd7+ Qxd7 5.O-O Nf6 6.Re1 Nc6 7.c3 e6 8.d4 cxd4
9.cxd4 d5 10.e5 Ne4 11.Nbd2 Nxd2 12.Bxd2 Be7 13.Rc1 O-O 14.a3 a6 15.Rc3 Rac8
16.Rd3 Rc7 17.Ng5 h6 18.Nh3 f5 19.Qh5 Qe8 20.Qd1 Nd8 21.Bc1 b5 22.Bd2 Nb7
23.Nf4 Bg5 24.Nh3 Be7 25.Nf4 Bg5 26.Nh3 Be7 27.Qb3 Rc4 28.Rc1 Qf7 29.Qd1 Rfc8
30.Rdc3 Qe8 31.Rxc4 Rxc4 32.Rxc4 dxc4 33.Bc3 Qd7 34.d5 exd5 35.Nf4 Bg5 36.Qxd5+ Qxd5
37.Nxd5 Bd8 38.e6 Kf8 39.Bb4+ Ke8 40.e7 Ba5 41.Bxa5 Nxa5 42.Nc7+ Kxe7 43.Nxa6 Kd6
44.Kf1 Nb3 45.Ke1 Nc1 46.Nb4 Kc5 47.Kd2 Nb3+ 48.Kc3 g5 49.Na6+ Kb6 50.Nb4 Kc5  1/2-1/2

[Event "IsBank TCh-TUR 2013"]
[Site "Denizli TUR"]
[Date "2013.07.10"]
[Round "13.3"]
[White "Nevednichy,V"]
[Black "Can,E"]
[Result "1/2-1/2"]
[WhiteElo "2580"]
[BlackElo "2475"]

1.e4 c5 2.Nf3 d6 3.Bb5+ Bd7 4.Bxd7+ Qxd7 5.O-O Nf6 6.Qe2 Nc6 7.c3 e6 8.d4 cxd4
9.cxd4 d5 10.e5 Ne4 11.Be3 Be7 12.Ne1 f6 13.f3 Ng5 14.Nd3 O-O 15.Nd2 b6 16.Rad1 Nf7
17.f4 f5 18.h3 Rac8 19.g4 Nh6 20.Qg2 Nb4 21.Nxb4 Bxb4 22.Nf3 Rc7 23.Rf2 Kh8
24.Kh1 Qa4 25.Rg1 Qxa2 26.Ng5 Re8 27.gxf5 Nxf5 28.Nxh7 Rec8 29.Qg6 Be7 30.Ng5 Bxg5
31.fxg5 Qb3 32.Bd2 Qd3 33.Qh5+ Kg8 34.g6 Kf8 35.Rxf5+ Qxf5 36.Qh8+ Ke7 37.Qxg7+ Ke8
38.Qh6 Kd7 39.g7 Rg8 40.Kh2 Kc8 41.Rg2 Qf7 42.h4 Rxg7 43.Rxg7 Qxg7 44.Qxe6+ Qd7
45.Qg8+ Kb7 46.Kg3 Qb5 47.Be3 Ka6 48.Qf8 Qe2 49.Qf3 Qe1+ 50.Kg4 Rg7+ 51.Bg5 Qg1+
52.Kf5 Qb1+ 53.Ke6 Qg6+ 54.Bf6 Qf7+ 55.Kf5 Qg6+ 56.Ke6 Qf7+  1/2-1/2

[Event "Universiade Men"]
[Site "Kazan RUS"]
[Date "2013.07.10"]
[Round "3.16"]
[White "Sjugirov,S"]
[Black "Nanjo,R"]
[Result "1-0"]
[WhiteElo "2647"]
[BlackElo "2299"]

1.e4 c5 2.Nf3 d6 3.Bb5+ Nd7 4.d4 cxd4 5.Qxd4 Nf6 6.Bg5 e6 7.c4 Be7 8.Nc3 O-O
9.Bxd7 Qxd7 10.O-O a6 11.Rfd1 Rd8 12.Qb6 Qc6 13.Qxc6 bxc6 14.e5 dxe5 15.Rxd8+ Bxd8
16.Rd1 Be7 17.Nxe5 Bb7 18.Na4 Kf8 19.Be3 Ne4 20.f3 Nf6 21.Bc5 Rb8 22.Nd7+ Nxd7
23.Rxd7 Bxc5+ 24.Nxc5 Bc8 25.Rc7 Ke8 26.b3 e5 27.g4 h5 28.h3 hxg4 29.hxg4 a5
30.Kf2 a4 31.Nxa4 e4 32.Nc5 exf3 33.Kxf3 g6 34.Kf4 f6 35.Rh7 Kd8 36.g5 fxg5+
37.Kxg5 Ra8 38.Ne6+  1-0

[Event "2nd FE Acqui Terme A 2013"]
[Site "Acqui Terme ITA"]
[Date "2013.07.11"]
[Round "6.4"]
[White "De Filomeno,S"]
[Black "Di Paolo,R"]
[Result "1-0"]
[WhiteElo "2385"]
[BlackElo "2274"]

1.e4 c5 2.Nf3 d6 3.Bb5+ Bd7 4.Bxd7+ Qxd7 5.c4 g6 6.d4 Bg7 7.d5 Nf6 8.Nc3 O-O
9.O-O a6 10.e5 Ng4 11.e6 fxe6 12.Ng5 exd5 13.Qxd5+ Kh8 14.Nf7+ Rxf7 15.Qxf7 Nc6
16.Qd5 Nd4 17.Qe4 Rf8 18.Be3 Be5 19.h3 Nh2 20.Rfd1 Nhf3+ 21.Kf1 Nf5 22.gxf3 Nxe3+
23.Qxe3 Qxh3+ 24.Ke2 Bd4 25.Rxd4 cxd4 26.Qxd4+ Rf6 27.Qe4 Qg2 28.Rd1 Kg7
29.Nd5 Rf5 30.Rd4 h5 31.Qe3  1-0

[Event "ch-BEL Open 2013"]
[Site "Antwerp BEL"]
[Date "2013.07.11"]
[Round "6.14"]
[White "Van Melkebeke,W"]
[Black "Van Mechelen,J"]
[Result "1/2-1/2"]
[WhiteElo "1988"]
[BlackElo "2188"]

1.e4 c5 2.Nf3 d6 3.Bb5+ Bd7 4.Bxd7+ Qxd7 5.O-O Nc6 6.c3 Nf6 7.d4 cxd4 8.cxd4 d5
9.e5 Ng8 10.a3 e6 11.b4 Nge7 12.Nbd2 Nc8 13.Nb3 Nb6 14.b5 Nb8 15.a4 a6 16.Ba3 Bxa3
17.Rxa3 Nc4 18.Nc5 Qe7 19.Rb3 b6 20.Nd3 O-O 21.Qc2 Rc8 22.Rc1 axb5 23.axb5 Ra5
24.Nd2 Qe8 25.Rc3 Qxb5 26.Nxc4 Rxc4 27.Rxc4 dxc4 28.Qxc4 Qxc4 29.Rxc4 Ra1+
30.Rc1 Rxc1+ 31.Nxc1  1/2-1/2

[Event "FSIM July 2013"]
[Site "Budapest HUN"]
[Date "2013.07.11"]
[Round "6.4"]
[White "Lyell,M"]
[Black "Szalanczy,E"]
[Result "1-0"]
[WhiteElo "2228"]
[BlackElo "2297"]

1.e4 c5 2.Nf3 d6 3.Bb5+ Bd7 4.Bxd7+ Nxd7 5.O-O Ngf6 6.Re1 e6 7.b3 Be7 8.d4 O-O
9.Bb2 cxd4 10.Qxd4 Qb6 11.Qxb6 Nxb6 12.c4 Rfd8 13.Nc3 Bf8 14.Rad1 d5 15.cxd5 exd5
16.e5 Nh5 17.g3 Rac8 18.Re3 Bb4 19.Red3 g6 20.Nxd5 Nxd5 21.Rxd5 Rxd5 22.Rxd5 Ng7
23.Rb5 Bc5 24.Rxb7 Ne6 25.Rd7 g5 26.Kg2 Bb6 27.Nd4 Nc5 28.Nf5 Re8 29.Re7 Rf8
30.e6 h5 31.exf7+ Kh7 32.Bg7 Bd8 33.Bxf8 Bxe7 34.Bxe7  1-0

[Event "6th ch-Cent SRB Int 2013"]
[Site "Paracin SRB"]
[Date "2013.07.11"]
[Round "8.34"]
[White "Persson,R"]
[Black "Lazov,Toni"]
[Result "1-0"]
[WhiteElo "2175"]
[BlackElo "1921"]

1.e4 c5 2.Nf3 d6 3.Bb5+ Nd7 4.d4 cxd4 5.Qxd4 Nf6 6.O-O g6 7.e5 dxe5 8.Qxe5 Bg7
9.Re1 e6 10.Qd6 a6 11.Ba4 Qe7 12.Qg3 O-O 13.Qh4 b5 14.Bb3 Nc5 15.Bg5 Bb7
16.Nbd2 Rad8 17.Rad1 a5 18.a3 Rd6 19.Ne5 Ncd7 20.Ndf3 Rxd1 21.Rxd1 Bxf3 22.Rxd7 Qxd7
23.Nxd7 Nxd7 24.gxf3 Bxb2 25.a4 b4 26.Qe4 Kg7 27.Be3 e5 28.Qb7 Nf6 29.Bc5 Rd8
30.Qxf7+  1-0

[Event "3rd SPAChess Open"]
[Site "Amsterdam NED"]
[Date "2013.07.12"]
[Round "7.30"]
[White "Roemersma,A"]
[Black "Bakels,Anton"]
[Result "1-0"]
[WhiteElo "2100"]
[BlackElo "2003"]

1.e4 c5 2.Nf3 d6 3.Bb5+ Nd7 4.O-O e6 5.c4 Nf6 6.Nc3 Be7 7.d4 cxd4 8.Nxd4 O-O
9.Bxd7 Nxd7 10.Be3 a6 11.b3 Qc7 12.Rc1 Ne5 13.f4 Nc6 14.Nf3 Bd7 15.Qd2 Rab8
16.Rfd1 Rfd8 17.Qf2 b5 18.cxb5 axb5 19.Nd4 Qa5 20.Ncxb5 Nb4 21.a4 d5 22.e5 Rdc8
23.Qd2 Bc5 24.Kh1 Qb6 25.Bg1 f6 26.Rc3 fxe5 27.fxe5 Bxb5 28.Nxb5 Bxg1 29.Rxg1 Rf8
30.Rc7 Rf5 31.Qc3 Rbf8 32.h3 Rf1 33.Qd4 Qxd4 34.Nxd4 Nd3 35.Nxe6 Rxg1+ 36.Kxg1 Re8
37.Ng5 Nxe5 38.Nf3 Nd3 39.Rb7 Re2 40.Rb5 Rb2 41.Rxd5 Nf4 42.Rb5 Rxg2+ 43.Kf1 Ra2
44.Ne5 g6 45.h4 Ng2 46.Nf3 Ne3+ 47.Ke1 Nc2+ 48.Kd1 Ne3+ 49.Kc1 Rc2+ 50.Kb1 Rf2
51.Ng5 h6 52.Rb8+ Kg7 53.Ne6+ Kh7 54.Rb7+ Kh8 55.a5 Rf6 56.Nc5 Rf1+ 57.Kb2 Rf2+
58.Ka3 Nc2+ 59.Ka4 Rf4+ 60.b4 Rf3 61.a6 Ra3+ 62.Kb5 g5 63.hxg5 hxg5 64.a7 g4
65.Na6  1-0

[Event "V4 Int Open ch-SVK 2013"]
[Site "Banska Stiavnica SVK"]
[Date "2013.07.12"]
[Round "7.6"]
[White "Kochetkova,J"]
[Black "Cernousek,L"]
[Result "0-1"]
[WhiteElo "2328"]
[BlackElo "2454"]

1.e4 c5 2.Nf3 d6 3.Bb5+ Nd7 4.d4 cxd4 5.Qxd4 a6 6.Bxd7+ Bxd7 7.c4 Rc8 8.Nc3 e5
9.Qd3 Qc7 10.b3 b5 11.Nd5 Qc5 12.Be3 bxc4 13.Qc3 Qc6 14.Rc1 Nf6 15.Qxc4 Qb7
16.Nxf6+ gxf6 17.Qd3 f5 18.Rxc8+ Bxc8 19.exf5 Rg8 20.Nd2 Qxg2 21.Rf1 Qc6
22.Nc4 e4 23.Qd4 Bxf5 24.Kd2 Rg6 25.Rc1 Bg7  0-1

[Event "FIDE GP Beijing"]
[Site "Beijing CHN"]
[Date "2013.07.12"]
[Round "8.4"]
[White "Morozevich,A"]
[Black "Wang Hao"]
[Result "1/2-1/2"]
[WhiteElo "2736"]
[BlackElo "2752"]

1.e4 c5 2.Nf3 d6 3.Bb5+ Bd7 4.c4 Bxb5 5.cxb5 Nf6 6.Nc3 g6 7.O-O Bg7 8.d4 cxd4
9.Nxd4 O-O 10.Re1 Nbd7 11.a4 e6 12.Bg5 a5 13.bxa6 bxa6 14.Nc6 Qc7 15.Ne7+ Kh8
16.Rc1 Qb8 17.Nc6 Qc7 18.e5 dxe5 19.Ne4 Nxe4 20.Rxe4 Nf6 21.Bxf6 Bxf6 22.b4 Rac8
23.Rec4 Qb6 24.Qe2 Rc7 25.Nxe5 Rxc4 26.Rxc4 Bxe5 27.Qxe5+ Kg8 28.h4 Qb8 29.f4 Qa7+
30.Kh2 Qe7 31.Qg5 Qd7 32.b5 axb5 33.axb5 Rb8 34.Rc6 h5 35.Rc5 Qd6 36.Qe5 Qd8
37.Qg5 Qd6 38.Rc3 e5 39.fxe5 Qd7 40.Rc5 Rxb5 41.Rxb5 Qxb5 42.Qd8+ Kh7 43.Qf6 Qd5
44.Kg3 Qb3+ 45.Kh2 Qd5 46.Kg3 Qb3+ 47.Kh2  1/2-1/2

[Event "23rd Heart of FIN"]
[Site "Jyvaskyla FIN"]
[Date "2013.07.12"]
[Round "7.15"]
[White "Hokkanen,P"]
[Black "Lobanov,Sergei"]
[Result "0-1"]
[WhiteElo "2298"]
[BlackElo "2198"]

1.e4 c5 2.Nf3 d6 3.Bb5+ Bd7 4.Bxd7+ Qxd7 5.c4 Nf6 6.Nc3 Nc6 7.d4 cxd4 8.Nxd4 g6
9.O-O Bg7 10.Nde2 O-O 11.f3 a6 12.Kh1 Rfc8 13.Bg5 Qd8 14.Qd2 Rab8 15.Bh6 Bh8
16.Rac1 Qa5 17.b3 b5 18.cxb5 axb5 19.Rfd1 b4 20.Nd5 Nxd5 21.exd5 Ne5 22.a4 Bf6
23.Rc2 Nd7 24.Rdc1 Rxc2 25.Qxc2 Bg7 26.Bxg7 Kxg7 27.Qd3 Nf6 28.Qe3 Qxd5 29.h3 e5
30.Kh2 Qe6 31.Qa7 Re8 32.a5 Qxb3 33.Qb7 Qa2 34.a6 Qxe2 35.a7 Qa2 36.Rc7 Qd5
37.Qxb4 e4 38.fxe4 Rxe4 39.Qb2 Ra4 40.Re7 Ra2  0-1

[Event "6th ch-Cent SRB Int 2013"]
[Site "Paracin SRB"]
[Date "2013.07.12"]
[Round "9.30"]
[White "Todic,Z"]
[Black "Secheres,Ad"]
[Result "1/2-1/2"]
[WhiteElo "2275"]
[BlackElo "2143"]

1.e4 c5 2.Nf3 d6 3.Bb5+ Bd7 4.Qe2 a6 5.Bxd7+ Qxd7 6.d4 cxd4 7.Nxd4 g6 8.O-O Bg7
9.Rd1 Nf6 10.Na3 Nc6 11.Nc4 Nxd4 12.Rxd4 Qc7 13.e5 dxe5 14.Nxe5 O-O 15.Bf4 Nh5
16.g3 Nxf4 17.gxf4 Rad8 18.Rad1 Rxd4 19.Rxd4 Rd8 20.Qc4 Bxe5 21.Rxd8+ Qxd8
22.fxe5 e6 23.h4 h5 24.Kg2 Qd1 25.a4 Kg7 26.Qe4 b6 27.b4 Qd7 28.Qf3 Qxa4
29.Qf6+ Kg8 30.Qd8+ Kg7 31.Qf6+ Kg8 32.Qd8+ Kg7 33.Qf6+  1/2-1/2

[Event "ch-BEL Open 2013"]
[Site "Antwerp BEL"]
[Date "2013.07.13"]
[Round "8.22"]
[White "Van Melkebeke,W"]
[Black "Van den Bosch,Arno"]
[Result "1/2-1/2"]
[WhiteElo "1988"]
[BlackElo "1683"]

1.e4 c5 2.Nf3 d6 3.Bb5+ Bd7 4.Bxd7+ Nxd7 5.O-O Ngf6 6.Qe2 g6 7.b3 Bg7 8.Bb2 O-O
9.c4 e5 10.Nc3 Nh5 11.Qd3 Nb6 12.g3 f5 13.a4 Qf6 14.a5 Nc8 15.Nd5 Qf7 16.Ng5 Qd7
17.a6 b6 18.Nc7 Rb8 19.Nge6 Rf6 20.Nxg7 Nxg7 21.Nd5 Rf8 22.f4 Qe6 23.fxe5 dxe5
24.Nc7 Qc6 25.Qd5+ Qxd5 26.Nxd5 Nd6 27.Bxe5 Rbd8 28.Bf6 Rd7 29.Be7 Rf7 30.e5 Nde8
31.Bf6 Ne6 32.Rfe1 N8c7 33.Nxc7 Rxc7 34.Re3 Rfd7 35.Rd1 Rd4 36.Kf2 Rcd7 37.d3 Kf7
38.Ke2 Nc7 39.e6+ Nxe6 40.Bxd4 Nxd4+ 41.Kd2 Nxb3+ 42.Kc3 Nd4 43.h4 Nc6 44.Rf1 Kg7
45.Re6 Nd4 46.Re8 Kf7 47.Rfe1 Nc6 48.Rh8 Kg7 49.Ree8 Nb4 50.Rd8 Re7 51.Rhe8 Rf7
52.d4 Nc6 53.Rg8+ Kh6 54.d5 Nxd8 55.Rxd8 Kh5 56.Rb8 Kg4 57.Rb7 Rf8 58.Rxa7 Kxg3
59.Rb7 f4 60.a7 Ra8 61.Rxh7 f3 62.Rg7 f2 63.Rxg6+ Kf3 64.Rf6+ Ke2 65.Re6+ Kd1
66.Rf6 Ke2 67.Re6+  1/2-1/2

[Event "Styrian Open A 2013"]
[Site "Bad Gleichenberg AUT"]
[Date "2013.07.13"]
[Round "8.18"]
[White "Ofner,Maximilian"]
[Black "Mesaros,Florian"]
[Result "1-0"]
[WhiteElo "1973"]
[BlackElo "2166"]

1.e4 c5 2.Nf3 d6 3.Bb5+ Bd7 4.Bxd7+ Qxd7 5.O-O Nf6 6.Qe2 Nc6 7.Rd1 Rc8 8.h3 g5
9.e5 dxe5 10.Nxe5 Nd4 11.Nxd7 Nxe2+ 12.Kf1 Nxc1 13.Nxf6+ exf6 14.Rxc1 Bd6
15.Nc3 Kf8 16.Nd5 Kg7 17.Re1 Rhe8 18.Rxe8 Rxe8 19.Re1 Rxe1+ 20.Kxe1 f5 21.Ke2 f4
22.Kd3 Kg6 23.Kc4 f5 24.d4 cxd4 25.Kxd4 g4 26.f3 gxh3 27.gxh3 Kg5 28.c4 Bf8
29.b4 Bg7+ 30.Kc5 Be5 31.Ne7 Kh4 32.Kd5 Bf6 33.Nxf5+ Kxh3 34.Ke4 Bg5 35.c5 h5
36.b5 h4 37.c6 bxc6 38.bxc6 Bd8 39.Kxf4 Bc7+ 40.Kg5 Bd8+ 41.Kh5 Kg2 42.Nxh4+ Kg3
43.Kg6 Bc7 44.Nf5+ Kxf3 45.Kf6 Ke4 46.Ke6 a5 47.a4 Bb8 48.Ne7 Kd4 49.Kd7 Kc5
50.Nc8 Kb4 51.Nb6 Bh2 52.c7 Bxc7 53.Kxc7 Kc5 54.Kb7 Kd6 55.Ka6 Kc6 56.Kxa5 Kb7
57.Kb5 Ka7 58.a5 Kb7 59.a6+ Ka7 60.Nd5 Kb8 61.Kb6 Ka8 62.Nc7+ Kb8 63.a7+  1-0

[Event "XV Sant Marti Open A"]
[Site "Barcelona ESP"]
[Date "2013.07.13"]
[Round "1.55"]
[White "Thakur,Ak"]
[Black "Calderon Alzate,Ivan Alejandro"]
[Result "1-0"]
[WhiteElo "2234"]
[BlackElo "1882"]

1.e4 c5 2.Nf3 d6 3.Bb5+ Bd7 4.Bxd7+ Qxd7 5.c4 g6 6.d4 cxd4 7.Nxd4 Bg7 8.Nc3 Nf6
9.f3 Nc6 10.Be3 O-O 11.O-O Rac8 12.b3 h5 13.Qd2 Kh7 14.Rac1 Rh8 15.Rfd1 Rcd8
16.Qf2 a6 17.Rc2 Qc7 18.Nd5 Qd7 19.Re2 Nxd5 20.exd5 Nxd4 21.Bxd4 Bxd4 22.Rxd4 Rhe8
23.Rde4 Rc8 24.Qh4 Rc7 25.g4 Kg7 26.gxh5 Qf5 27.hxg6 Rh8 28.Qg4 Qxg4+ 29.fxg4  1-0

[Event "22nd Open ch-MKD"]
[Site "Struga MKD"]
[Date "2013.07.13"]
[Round "1.6"]
[White "Organdziev,O"]
[Black "Tevdovski,Zoran"]
[Result "1-0"]
[WhiteElo "2291"]
[BlackElo "1708"]

1.e4 c5 2.Nf3 d6 3.Bb5+ Nc6 4.O-O a6 5.Bxc6+ bxc6 6.e5 d5 7.h3 h6 8.d3 g5
9.c4 d4 10.Qa4 Qb6 11.Nbd2 g4 12.hxg4 Bxg4 13.b4 e6 14.bxc5 Bxc5 15.Rb1 Qc7
16.Ba3 Bxa3 17.Qxa3 Bxf3 18.Nxf3 c5 19.Rb5 Ne7 20.Rxc5 Qd7 21.Ra5 O-O 22.Rxa6 Rxa6
23.Qxa6 Ng6 24.g3 f5 25.Qd6 Qf7 26.Qxd4 f4 27.Qe4 Qg7 28.d4 fxg3 29.fxg3 Nf4
30.Kh2 Rf5 31.Nh4 Nh5 32.Nxf5 exf5 33.Qh4 f4 34.gxf4 Qf7 35.Rg1+ Kh7 36.f5 Ng7
37.Rxg7+ Qxg7 38.Qf6 Qa7 39.Qg6+ Kh8 40.f6  1-0

[Event "3rd SPAChess Open"]
[Site "Amsterdam NED"]
[Date "2013.07.14"]
[Round "8.16"]
[White "Offringa,Joo"]
[Black "Boelhouwer,Collin"]
[Result "1-0"]
[WhiteElo "2145"]
[BlackElo "2103"]

1.e4 c5 2.Nf3 d6 3.Bb5+ Bd7 4.Bxd7+ Qxd7 5.O-O Nf6 6.Qe2 Nc6 7.Rd1 e5 8.c3 Be7
9.d4 exd4 10.cxd4 cxd4 11.Nxd4 Nxd4 12.Rxd4 O-O 13.Nc3 Qc6 14.Bg5 h6 15.Bxf6 Bxf6
16.Nd5 Bg5 17.Rc4 Qd7 18.Rc7 Qa4 19.Rxb7 Rac8 20.b3 Qa3 21.g3 f5 22.h4 Bd8
23.exf5 Kh8 24.Nf4 Rc1+ 25.Rxc1 Qxc1+ 26.Kh2 Qc8 27.Qe6 Qxb7 28.Ng6+ Kh7
29.Nxf8+ Kh8 30.Ng6+ Kh7 31.Qe8 Bf6 32.Qh8+  1-0

[Event "XV Sant Marti Open A"]
[Site "Barcelona ESP"]
[Date "2013.07.14"]
[Round "2.20"]
[White "Anurag,M"]
[Black "Silva,Luis"]
[Result "0-1"]
[WhiteElo "2418"]
[BlackElo "2218"]

1.e4 c5 2.Nf3 d6 3.Bb5+ Bd7 4.Bxd7+ Qxd7 5.O-O Nc6 6.b3 Nf6 7.Qe2 e6 8.Bb2 Be7
9.d3 Qc7 10.Nbd2 O-O 11.Nc4 d5 12.Nce5 dxe4 13.dxe4 Nd4 14.Qd3 Rfd8 15.Rad1 h6
16.h3 a6 17.Kh1 Nb5 18.Qe3 Rxd1 19.Rxd1 Rd8 20.Rxd8+ Qxd8 21.Nd3 Nd7 22.c4 Na7
23.Nd2 Nc6 24.f4 e5 25.Nf3 exf4 26.Nxf4 Bg5 27.h4 Bxf4 28.Qxf4 Nf8 29.Qf5 Ne6
30.Qd5 Qe7 31.e5 Nb4 32.Qd2 Nxa2 33.Qf2 Nb4 34.Bc3 Nc6  0-1

[Event "Universiade Men"]
[Site "Kazan RUS"]
[Date "2013.07.14"]
[Round "8.2"]
[White "Ma Qun"]
[Black "Andriasian,Z"]
[Result "1/2-1/2"]
[WhiteElo "2584"]
[BlackElo "2620"]

1.e4 c5 2.Nf3 d6 3.Bb5+ Bd7 4.Bxd7+ Qxd7 5.c4 Nc6 6.Nc3 g6 7.d4 cxd4 8.Nxd4 Bg7
9.Be3 Nf6 10.h3 O-O 11.O-O Rfc8 12.b3 Qd8 13.Qd2 Qa5 14.Nde2 Nd7 15.Rab1 a6
16.a4 Rab8 17.Rfd1 Qd8 18.Bh6 Bh8 19.Qe3 Nc5 20.Ng3 Ne6 21.Nd5  1/2-1/2

[Event "Minsk Open 2013"]
[Site "Minsk BLR"]
[Date "2013.07.14"]
[Round "2.2"]
[White "Elkin,L"]
[Black "Ter Sahakyan,S"]
[Result "0-1"]
[WhiteElo "2181"]
[BlackElo "2582"]

1.e4 c5 2.Nf3 d6 3.Bb5+ Nd7 4.d4 Nf6 5.Nc3 cxd4 6.Qxd4 e5 7.Qd3 h6 8.O-O Be7
9.Rd1 O-O 10.a4 a6 11.Bc4 b6 12.Bd5 Rb8 13.b3 Nc5 14.Qe2 Qc7 15.Qc4 Bd7 16.Be3 b5
17.axb5 axb5 18.Qb4 Rfc8 19.Ne2 Nxd5 20.exd5 f5 21.Bxc5 Qxc5 22.Qxc5 Rxc5
23.Ra7 Rd8 24.c3 Bf6 25.b4 Rcc8 26.Rda1 Be8 27.Rb7 Ra8 28.Rd1 Rdb8 29.Rxb8 Rxb8
30.Nd2 h5 31.Nb3 Rc8 32.f3 Bd8 33.Kf1 Kf8 34.Rd3 Ra8 35.f4 Ra3 36.Nec1 exf4
37.Nd4 Bf6 38.Nce2 Ra1+ 39.Kf2 Ra2 40.Ne6+ Ke7 41.Nxf4 g5 42.Ne6 h4 43.Re3 Kf7
44.h3 Rd2 45.Kf3 f4 46.Re4 Rxd5 47.N2d4 Bd7 48.Nc7 Re5 49.Rxe5 dxe5 50.Ndxb5 Bc6+
51.Kf2 e4 52.Nd4 e3+ 53.Kf1 Bxd4 54.cxd4 g4 55.d5 f3  0-1

[Event "10th South Wales Int 2013"]
[Site "Penarth WLS"]
[Date "2013.07.14"]
[Round "3.20"]
[White "Sivarajasingam,Shayanna"]
[Black "Guy,D"]
[Result "1/2-1/2"]
[WhiteElo "1441"]
[BlackElo "1965"]

1.e4 c5 2.Nf3 d6 3.Bb5+ Bd7 4.Bxd7+ Qxd7 5.c4 Nf6 6.Nc3 g6 7.O-O Bg7 8.d4 cxd4
9.Nxd4 O-O 10.Be3 Nc6 11.f3 Rfc8 12.b3 Ne5 13.Qd2 b6 14.Rad1 Qe8 15.Bh6 Bh8
16.Rfe1 Nc6 17.Nc2 Nd7 18.Be3 Nc5 19.Nd4 Nxd4 20.Bxd4 Bxd4+ 21.Qxd4 Ne6 22.Qd2  1/2-1/2

[Event "28th Gniot Mem 2013"]
[Site "Police POL"]
[Date "2013.07.14"]
[Round "5.4"]
[White "Franzen,Joz"]
[Black "Malisauskas,V"]
[Result "0-1"]
[WhiteElo "2299"]
[BlackElo "2450"]

1.e4 c5 2.Nf3 d6 3.Bb5+ Bd7 4.Bxd7+ Qxd7 5.c4 g6 6.d4 cxd4 7.Nxd4 Nf6 8.Nc3 Bg7
9.f3 O-O 10.Be3 Nc6 11.Qd2 Ne8 12.O-O f5 13.exf5 gxf5 14.Nde2 e6 15.Rad1 Qf7
16.Bh6 Rd8 17.Bxg7 Nxg7 18.Nf4 Kh8 19.Rfe1 e5 20.Nfd5 f4 21.Qf2 Nf5 22.c5 Nfd4
23.b4 dxc5 24.b5 Nxb5 25.Qxc5 Nbd4 26.Kh1 Qg7 27.Rd2 Rf5 28.Nb5 b6 29.Nxd4 bxc5
30.Nxc6 Rd6 31.Nce7 Rf8 32.Rb2 Re6 33.Rb7 e4 34.fxe4 Rxe4 35.Rg1 Re2 36.Rxa7 f3  0-1

[Event "22nd Open ch-MKD"]
[Site "Struga MKD"]
[Date "2013.07.14"]
[Round "2.7"]
[White "Ilic,Zo3"]
[Black "Stojkovska,M"]
[Result "1-0"]
[WhiteElo "2270"]
[BlackElo "2005"]

1.e4 c5 2.Nf3 d6 3.Bb5+ Bd7 4.Bxd7+ Qxd7 5.c4 e5 6.Nc3 Ne7 7.d3 g6 8.Bg5 Bg7
9.Qd2 h6 10.Bxe7 Qxe7 11.Nd5 Qd8 12.b4 Nc6 13.O-O O-O 14.Rab1 Rb8 15.Ne1 f5
16.f3 Kh7 17.Nc2 Bf6 18.Qc3 Qd7 19.Qa3 b6 20.Qa4 Bg5 21.Rfd1 Rb7 22.Rb3 Rfb8
23.Qa3 Kg7 24.Qb2 Qf7 25.Qc3 cxb4 26.Ndxb4 Na5 27.Rbb1 Rc8 28.Nd5 Bd8 29.Nce3 f4
30.Nxf4 Qxf4 31.Nd5 Qf7 32.f4 Bf6 33.fxe5 dxe5 34.Rf1 Rc6 35.Rf3 Qe8 36.Qxa5 bxa5
37.Rxb7+ Qf7 38.Rxf7+ Kxf7 39.Kf2 Kg7 40.Nxf6 Rxf6 41.Rxf6 Kxf6 42.Ke3  1-0

[Event "22nd Open ch-MKD"]
[Site "Struga MKD"]
[Date "2013.07.14"]
[Round "2.4"]
[White "Kralevski,Aleksander"]
[Black "Stanojoski,Z"]
[Result "1/2-1/2"]
[WhiteElo "2163"]
[BlackElo "2411"]

1.e4 c5 2.Nf3 d6 3.Bb5+ Bd7 4.Bxd7+ Qxd7 5.O-O Nf6 6.Re1 e6 7.d4 cxd4 8.Nxd4 Be7
9.c4 O-O 10.Nc3 Rc8 11.Qe2 a6 12.Bd2 Qc7 13.b3 Nbd7 14.Rac1 Bf8 15.Kh1 Qa5
16.Be3 Qh5 17.f3 Rab8 18.Red1 g5 19.g4 Qg6 20.Qd2 h6 21.Rg1 Kh7 22.Rg3 Ne5
23.Rh3 Kg8 24.Nce2 Nfxg4 25.fxg4 Qxe4+ 26.Kg1 Qxg4+ 27.Rg3 Qe4 28.Nc3 Qh7
29.Nf3 Bg7 30.Nxe5 Bxe5 31.Bf4 b5 32.Bxe5 dxe5 33.Qe2 bxc4 34.Ne4 Qg6 35.bxc4 Rd8
36.h4 Rd4 37.Nxg5 Rb1 38.Rf1 Rxf1+ 39.Qxf1 Kf8 40.h5 Qf5 41.Qxf5 exf5 42.Nf3 Rd3
43.Kf2 f4 44.Rg4 f6 45.Rg6 Kf7 46.Rxh6 e4 47.Ne1 Rd2+ 48.Kf1 f3 49.Nxf3 exf3
50.Rh7+ Ke6 51.h6 Rxa2 52.Ra7 Ke5 53.h7 Rh2 54.c5 Kd5 55.Rxa6 Rxh7 56.Rxf6 Kxc5  1/2-1/2

[Event "Universiade Men"]
[Site "Kazan RUS"]
[Date "2013.07.15"]
[Round "9.19"]
[White "Nguyen Van Hai"]
[Black "Gundavaa,B"]
[Result "1/2-1/2"]
[WhiteElo "2353"]
[BlackElo "2516"]

1.e4 c5 2.Nf3 d6 3.Bb5+ Nd7 4.d4 cxd4 5.Qxd4 a6 6.Bxd7+ Bxd7 7.c4 Nf6 8.Nc3 e6
9.Bg5 Bc6 10.O-O Be7 11.Rfe1 O-O 12.Rad1 Qc7 13.Bxf6 Bxf6 14.Qxd6 Qa5 15.Qd2 Rfd8
16.Nd5 Qxa2 17.Nxf6+ gxf6 18.Qc3 Rxd1 19.Rxd1 Bxe4 20.Qxf6 Bxf3 21.gxf3 Qa5
22.Rd7 Rf8 23.Rxb7 Qh5 24.Rd7 Qg6+ 25.Qxg6+ hxg6 26.c5 Kg7 27.b4 Rb8 28.Rd4 Kf6
29.f4 a5 30.bxa5 Rb1+ 31.Kg2 Ra1 32.c6 Rxa5 33.Rc4 Ra8 34.c7 Rc8 35.Kf3 Ke7
36.Ke4 Kd6 37.Rd4+ Ke7 38.Rc4 Kd6 39.Rd4+ Ke7  1/2-1/2